000 00600cam a2200205 4500
001 D15660
008 090401t1984 xxu||||| |||| 00| 0 eng d
035 _a(Sirsi) u24397
041 _aeng
050 _a631.1
110 _aRoyal Institution of Chartered Surveyors
_94900
245 _aManaging for profit. Annual conference, Connaught Rooms, 11 January 1984
260 _aLondon
_bSurveyors Technical Services
_c1984
300 _a3 papers
350 _a0
520 _aFiled in box RICS 1984/1 AB
710 _aLand Agency & Agriculture Division
_91173
942 _n0
948 _c04/03/1997
999 _c88537
_d88537